000 00270nam a2200109Ia 4500
008 220216s9999 xx 000 0 und d
100 _aMohanachandran Nair S
245 0 _aNamukkum venam sowroorja padhathikal
260 _bRubber
_c2013
300 _a12-Nov
942 _cJS
999 _c63379
_d63379